Orígenes e historial de las ganaderías bravas / (Record no. 145713)

MARC details
000 -LEADER
campo de control de longitud fija 00673nam a2200205 i 4500
001 - NÚMERO DE CONTROL
campo de control 145713
003 - IDENTIFICADOR DE NÚMERO DE CONTROL
campo de control ES-MaACL
005 - FECHA Y HORA DE LA ÚLTIMA TRANSACCIÓN
campo de control 20231205181143.0
007 - CAMPO FIJO DE DESCRIPCIÓN FÍSICA--INFORMACIÓN GENERAL
campo de control de longitud fija t|
008 - DATOS DE LONGITUD FIJA--INFORMACIÓN GENERAL
campo de control de longitud fija 071016s1956 sp |||| | spa d
100 1# - ENTRADA PRINCIPAL--NOMBRE DE PERSONA
Nombre de persona Vera, Alberto.
9 (RLIN) 113937
245 10 - MENCIÓN DEL TÍTULO
Título Orígenes e historial de las ganaderías bravas /
Mención de responsabilidad, etc. por Areva (seud.) ; prólogo de José María de Cossío.
250 ## - MENCION DE EDICION
Mención de edición 3ª ed. ampl.
260 ## - PUBLICACIÓN, DISTRIBUCIÓN, ETC.
Lugar de publicación, distribución, etc. Madrid :
Nombre del editor, distribuidor, etc. [s.n.],
Fecha de publicación, distribución, etc. 1956 (
Fabricante Artes Gráficas E. M. A.)
300 ## - DESCRIPCIÓN FÍSICA
Extensión 382 p. ;
Dimensiones 20 cm.
650 14 - PUNTO DE ACCESO ADICIONAL DE MATERIA--TÉRMINO DE MATERIA
Término de materia o nombre geográfico como elemento de entrada Ganaderías de toros de lidia.
9 (RLIN) 163235
700 1# - ENTRADA AGREGADA--NOMBRE PERSONAL
Nombre de persona Cossío, José María de,
Fechas asociadas al nombre 1893-1977
9 (RLIN) 41017
852 ## - LOCALIZACIÓN
Ubicación ES-MaACL
Número de control de estantería C-10363
Holdings
Estatus retirado Estado de pérdida Estado de daño No para préstamo Biblioteca de origen Biblioteca actual Ubicación en estantería Fecha de adquisición Fuente de adquisición Total de préstamos Signatura topográfica completa Código de barras Visto por última vez Precio de reemplazo Tipo de ítem Koha
        Biblioteca del Ateneo de Madrid Biblioteca del Ateneo de Madrid Sala Palomar 17/01/2008     C-10363 1152102 23/02/2023 23/02/2023 Libro impreso